Sermón que en memoria de la aparición de la Santísima Virgen de Guadalupe dijo ...

Detalles Bibliográficos
Autor principal: PUENTE SANCHEZ LODOSA, Jorge Ignacio
Formato: Libro
Publicado: México 1796
Materias:
Colección:Banco de datos
Acervo:Biblioteca del Ex Convento de Nuestra Señora de Guadalupe. Zacatecas
Tema general:Homilética
Notas:Buena. XII,2,4 (3977)
LEADER 00739nam a22001930004500
035 |a 44828 
036 |a 6012 
100 1 |a PUENTE SANCHEZ LODOSA, Jorge Ignacio 
245 1 0 |a Sermón que en memoria de la aparición de la Santísima Virgen de Guadalupe dijo ... 
260 |a México  |b imp. Mariano José de Zúñiga y Ontiveros  |c 1796 
500 |a Buena. XII,2,4 (3977) 
650 1 0 |a Homilética 
949 |a CRZ-CG 
959 |a Ex convento de Nuestra Señora de Guadalupe, Museo Regional de Zacatecas, Zacatecas  |b CCC4 
960 |a Convento de Nuestra Señora de Guadalupe, Zacatecas  |b DD87 
961 |a Franciscana  |b OF 
942 |c CRZ-CG 
943 |g Biblioteca del Ex Convento de Nuestra Señora de Guadalupe. Zacatecas 
999 |c 968955  |d 968955